| 000 | 00996cam a22002775a 4500 | ||
|---|---|---|---|
| 001 | 011296090 | ||
| 005 | 20160906121242.0 | ||
| 008 | 031115t2004 njua frb 001 0 eng d | ||
| 020 | _a013122929X (pbk.) | ||
| 020 | _a9780131229297 | ||
| 040 |
_aUk _cUk _beng _dEG-ScBUE |
||
| 082 | 0 | 4 |
_a341.753 _222 _bAUG |
| 100 | 1 |
_a August, Ray _936786 |
|
| 245 | 1 | 0 |
_aInternational business law : _btext, cases, and readings / _cRay August. |
| 250 | _a4th ed., International ed. | ||
| 260 |
_aUpper Saddle River : _bPearson Education International, _cc.2004. |
||
| 300 |
_axxiii, 806 p. : _bill. ; _c27 cm. |
||
| 500 | _aPrevious ed.: London : Prentice-Hall International, 2000. | ||
| 504 | _aIncludes bibliographical references and indexes. | ||
| 650 | 7 |
_aCommercial law. _2BUEsh _936787 |
|
| 650 | 7 |
_aInternational business enterprises _xLaw and legislation. _2BUEsh _932795 |
|
| 650 | 7 |
_aForeign trade regulation. _2BUEsh _927887 |
|
| 651 | _2BUEsh | ||
| 653 |
_bLLAAWW _cSeptember2016 |
||
| 942 | _2ddc | ||
| 999 |
_c22306 _d22278 |
||